Quiz o Polskich Województwach - Statystyki

Ogólne statystyki
  • Ten quiz został rozwiązany 63 razy
  • Średni wynik to 12 z 16
Statystyki odpowiedzi
Wskazówka Województwo % Poprawnych
Znajduje się w nim stolica Polski Mazowieckie
96%
Ma 2 stolice Lubuskie
85%
Hel Pomorskie
80%
Ma 2 stolice Kujawsko-Pomorskie
78%
Znajdują się w tym województwie dwie słynne Kopalnie Soli Małopolskie
78%
Kojarzone z powodziami Dolnośląskie
76%
Kraina Tysiąca Jezior Warmińsko-mazurskie
76%
Wolin i Uznam jedne z większych polskich wysp Zachodnio-pomorskie
76%
Nazwa województwa wzięła się od nazwy jego stolicy Opolskie
75%
Znajdują się w nim Bieszczady Podkarpackie
75%
Bałuty, kojarzone z memów Łódzkie
73%
Najbardziej wysunięty na wschód punkt Polski Lubelskie
73%
Pyry Wielkopolskie
73%
Z tego województwa wywodzi się aktualny Mistrz Polski w Piłce Nożnej Podlaskie
71%
W tym województwie znajduje się Pacanów, znany z Koziołka Matołka Świętokrzyskie
69%
W tym województwie jest 19 miast na prawach powiatu Śląskie
65%
Nie znaleziono quizów pasujących do podanych kryteriów
Rozkład punktacji
Procent ludzi z każdym wynikiem
Percentyl według liczby udzielonych odpowiedzi
Twoja historia wyników
Nie rozwiązałeś tego quizu